Afrique de A à Z - Statistiques

Statistiques générales
  • Ce quiz a été pris 330 fois
  • Le résultat moyen est 12 sur 26
Statistiques - réponses
Lettre Indice Réponse % Correct
E Virus très dangereux qui s'est propagé en Afrique de l'Ouest en 2013 Ebola
93%
C Plus grande ville du Maroc, située sur la côte Atlantique Casablanca
92%
J Plus grande métropole d'Afrique du Sud Johannesburg
87%
A Régime de déclassement sud-africain, littéralement "séparation" en afrikaans Apartheid
86%
V Un lac, encore une fois nommé comme une Reine d'Angleterre Victoria
84%
W Célèbre chanson de Shakira pour la Coupe du Monde en Afrique du Sud Waka Waka
80%
G Equipe africaine ayant réalisé le meilleur parcours en Coupe du Monde de Football Ghana
74%
T Le plus célèbre des pharaons, dont le tombeau a été mis au jour en 1922 Toutankhamon
72%
Z Peuple d'Afrique australe, servant de lettre Z dans l'alphabet militaire Zoulou
66%
H Tribu coupable du génocide tutsi au Rwanda en 1994 Hutu
65%
Y Capitale de l'équipe de football surnommée "Les Lions Indomptables" Yaoundé
65%
Q Minéral semi-précieux dont Madagascar est le deuxième extracteur mondial Quartz
64%
K L'une des deux capitales non confondues les plus proches du monde Kinshasa
60%
B Ancien président algérien, au pouvoir malgré sa mauvaise santé, de 1999 à 2019 Bouteflika
58%
P Ville capverdienne dont le nom signifie "plage" en portugais Praia
49%
D Ancienne capitale du Tanganyika, jusqu'à la délocalisation tanzanienne en 1973 Dar es Salaam
42%
S Seul pays au monde reconnu par aucun pays, dont la "capitale" est Hargeysa Somaliland
27%
I Grand architecte de l'Egypte Antique Imhotep
19%
M Dictateur zimbabwéen, ayant été le plus vieux chef d'état du monde à 93 ans Mugabe
17%
L Fleuve du sud-est du continent, dont le nom signifie "rivière des crocodiles" Limpopo
12%
N Zone désertique au nord-est du Soudan Nubie
12%
X Une des onze langues officielles de l'Afrique du Sud Xhosa
12%
O Troisième plus grand cours d'eau d'Afrique australe, de l'Angola au Botswana Okavango
6%
F Nom donné à l'arrière-pays libyen, dans le Sahara Fezzan
3%
R Une des îles sous contrôle mauricien, avec Agalega et Cargados Carajos Rodriguez
3%
U Député namibien prénommé Adolf Hitler Uunona
3%
Aucun quiz correspondant
Distribution des résultats
% des personnes avec chaque résultat
Percentile par nombre de réponses
Votre historique - résultats
Vous n’avez pas pris ce quiz